[Event "AUTO-MASTER-1989"]
[Site "http://www.queenalice.com/game.php?id=1236413"]
[Date "2013.11.29"]
[Round "1"]
[White "carver"]
[Black "furoscame"]
[Result "0-1"]
[WhiteElo "2035"]
[BlackElo "2108"]

1. d4 f5 2. Bf4 Nf6 3. Nf3 e6 4. e3 d5 5. a3 Nbd7 6. Be5 Nxe5 7. Nxe5 Bd6 8. Nf3
O-O 9. Nc3 c5 10. Be2 cxd4 11. exd4 Qb6 12. b4 Ne4 13. Na4 Qc6 14. Nc5 b6 15. b5
Qc7 16. Nxe4 fxe4 17. Nd2 Bxh2 18. Nf1 Qc3+ 19. Nd2 Bf4 20. Rb1 e3 21. Rb3 exd2+
22. Kf1 Qxd4 23. Rh4 Qf6 24. Rg4 e5 25. Rxf4 Qxf4 26. Rf3 Qh6 0-1

[Event "AUTO-MASTER-1989"]
[Site "http://www.queenalice.com/game.php?id=1236414"]
[Date "2013.11.29"]
[Round "1"]
[White "furoscame"]
[Black "carver"]
[Result "1-0"]
[WhiteElo "2062"]
[BlackElo "2034"]

1. e4 e5 2. Nf3 Nc6 3. Bb5 d6 4. d4 a6 5. Bxc6+ bxc6 6. dxe5 Bg4 7. exd6 cxd6 8.
O-O Nf6 9. Nc3 Be7 10. e5 dxe5 11. Qxd8+ Rxd8 12. Nxe5 Bd7 13. Rd1 O-O 14. Bg5
Rfe8 15. Bxf6 Bxf6 16. Nxd7 Bxc3 17. bxc3 f6 18. Kf1 h6 19. Rab1 Kh8 20. Nc5
Rxd1+ 21. Rxd1 a5 22. Nb7 a4 23. Rd8 1-0

[Event "Challenge"]
[Site "http://www.queenalice.com/game.php?id=1240909"]
[Date "2013.12.17"]
[Round "-"]
[White "Zugswang"]
[Black "furoscame"]
[Result "0-1"]
[WhiteElo "2203"]
[BlackElo "2118"]

1. e4 d5 2. exd5 Qxd5 3. Nc3 Qd6 4. d4 Nf6 5. d5 c6 6. dxc6 Qxd1+ 7. Nxd1 Nxc6
8. Bd2 e5 9. Bb5 Bd7 10. Nf3 e4 11. Bxc6 Bxc6 12. Ne5 Bd5 13. c4 Be6 14. Bc3 Bd6
15. Ne3 O-O-O 16. Rd1 Nh5 17. h3 f6 18. N5g4 Nf4 19. b3 Nd3+ 20. Ke2 f5 21. Nh2
Rd7 22. g4 fxg4 23. hxg4 Rf8 24. Be1 Bb4 25. f3 Nxe1 26. Rdxe1 Bxe1 27. Rxe1
Rdf7 28. Rf1 exf3+ 29. Rxf3 Rxf3 30. Nxf3 Rf4 31. Ne5 g5 32. Kd3 Kc7 33. b4 Kd6
34. Ng2 Kxe5 35. Nxf4 Kxf4 36. c5 Bxg4 0-1

[Event "AUTO-MASTER-2355"]
[Site "http://www.queenalice.com/game.php?id=1381947"]
[Date "2015.9.8"]
[Round "1"]
[White "furoscame"]
[Black "Alexandrovinsk"]
[Result "1-0"]
[WhiteElo "2101"]
[BlackElo "2206"]

1. e4 e5 2. Nf3 Nf6 3. d4 Nxe4 4. dxe5 d5 5. Nbd2 Nxd2 6. Qxd2 Bf5 7. Bd3 Bg6 8.
O-O Nd7 9. Bxg6 hxg6 10. Qxd5 c6 11. Qe4 Nc5 12. Qc4 Ne6 13. Be3 Be7 14. Rad1
Qc7 15. Rd3 Rd8 16. Rfd1 O-O 17. Rxd8 Rxd8 18. Rxd8+ Bxd8 19. Qd3 a6 20. c4 Be7
21. a3 b5 22. b4 Qd8 23. Qxd8+ Bxd8 24. cxb5 cxb5 25. Kf1 Kf8 26. Ke2 f6 27. Kd3
Ke7 28. Ke4 Kd7 29. g4 g5 30. Kf5 Ke7 31. Nd4 Nxd4+ 32. Bxd4 1-0

[Event "AUTO-MASTER-2355"]
[Site "http://www.queenalice.com/game.php?id=1381948"]
[Date "2015.9.8"]
[Round "1"]
[White "Alexandrovinsk"]
[Black "furoscame"]
[Result "0-1"]
[WhiteElo "2202"]
[BlackElo "2043"]

1. e4 d5 2. exd5 Qxd5 3. Nc3 Qd6 4. d4 Nf6 5. Nf3 c6 6. Be2 Bf5 7. O-O Nbd7 8.
h3 e6 9. Bg5 h6 10. Bh4 Qc7 11. Bg3 Bd6 12. Bxd6 Qxd6 13. Re1 O-O-O 14. a4 g5
15. Qd2 Rdg8 16. Nh2 h5 17. b4 g4 18. hxg4 hxg4 19. g3 Rh7 20. Kg2 Rgh8 21. Rh1
Nb6 22. b5 Nbd5 23. Nxd5 Qxd5+ 24. f3 Rxh2+ 25. Rxh2 gxf3+ 26. Bxf3 Rxh2+ 0-1

[Event "AUTO-MASTER-2355"]
[Site "http://www.queenalice.com/game.php?id=1381949"]
[Date "2015.9.8"]
[Round "1"]
[White "furoscame"]
[Black "barrai"]
[Result "1-0"]
[WhiteElo "2065"]
[BlackElo "2130"]

1. e4 c5 2. Nc3 d6 3. f4 Nf6 4. Nf3 g6 5. Bc4 Bg7 6. O-O O-O 7. d3 a6 8. a4 Nc6
9. Qe1 Ng4 10. h3 Nf6 11. Qh4 Nh5 12. g4 Bf6 13. Qf2 Ng7 14. e5 dxe5 15. g5 Nh5
16. gxf6 Bxh3 17. fxe7 Qxe7 18. Re1 Qf6 19. fxe5 Qf5 20. e6 Qg4+ 21. Kh2 Ne7 22.
exf7+ Kg7 23. Rxe7 Qf5 24. Ne4 Bg4 25. Nd6 Qf6 26. Ne8+ Rfxe8 27. fxe8=Q+ Qxe7
28. Qxe7+ Kh8 29. Ng5 Ng7 30. Qff8+ 1-0

[Event "AUTO-MASTER-2355"]
[Site "http://www.queenalice.com/game.php?id=1381950"]
[Date "2015.9.8"]
[Round "1"]
[White "barrai"]
[Black "furoscame"]
[Result "0-1"]
[WhiteElo "2116"]
[BlackElo "2084"]

1. e4 d5 2. e5 c5 3. c3 Nc6 4. d4 Bf5 5. Bd3 Bxd3 6. Qxd3 e6 7. Nf3 Qb6 8. a4 c4
9. Qc2 Nge7 10. O-O Na5 11. Nbd2 Ng6 12. Rb1 Be7 13. b4 cxb3 14. Nxb3 Nxb3 15.
Rxb3 Qc6 16. Qb1 Rb8 17. Bd2 O-O 18. Qa2 Nh4 19. Nxh4 Bxh4 20. g3 Bd8 21. Rfb1
Ba5 22. Qa1 Rfc8 23. Rb5 Qa6 24. Qb2 b6 25. h4 Rc4 26. Qa3 Qc8 27. R1b3 a6 28.
Rxa5 bxa5 29. Kf1 h6 30. Rxb8 Qxb8 31. Ke2 Qb1 0-1

[Event "AUTO-MASTER-2355"]
[Site "http://www.queenalice.com/game.php?id=1396920"]
[Date "2015.12.2"]
[Round "2"]
[White "furoscame"]
[Black "miltonlovisk"]
[Result "1-0"]
[WhiteElo "2152"]
[BlackElo "2059"]

1. e4 e5 2. Nf3 Nc6 3. Bb5 Qf6 4. O-O Bc5 5. c3 Nce7 6. d4 exd4 7. cxd4 Bb6 8.
Nc3 c6 9. e5 Qe6 10. Ng5 Qg6 11. Bd3 f5 12. Bc4 Nh6 13. h4 Rf8 14. h5 Qxg5 15.
Bxg5 Nf7 16. Bxe7 Kxe7 17. Re1 Nd8 18. d5 f4 19. Qg4 cxd5 20. Qxg7+ Rf7 21.
Nxd5+ Ke8 22. Nf6+ Ke7 23. Bxf7 Nxf7 24. Rac1 Bd4 25. Nd5+ 1-0

[Event "AUTO-MASTER-2355"]
[Site "http://www.queenalice.com/game.php?id=1396921"]
[Date "2015.12.2"]
[Round "2"]
[White "miltonlovisk"]
[Black "furoscame"]
[Result "0-1"]
[WhiteElo "2054"]
[BlackElo "2143"]

1. e4 d5 2. exd5 Qxd5 3. d4 Nf6 4. Nf3 Bg4 5. c4 Bxf3 6. gxf3 Qd7 7. Nc3 e6 8.
Bf4 Bd6 9. Be3 Nc6 10. c5 Be7 11. Bb5 a6 12. Be2 O-O-O 13. a3 Nxd4 14. b4 e5 15.
Bxd4 exd4 16. Ne4 d3 17. Bf1 Nxe4 18. fxe4 d2+ 0-1

[Event "AUTO-MASTER-2355"]
[Site "http://www.queenalice.com/game.php?id=1396922"]
[Date "2015.12.2"]
[Round "2"]
[White "furoscame"]
[Black "miltonloviski"]
[Result "1-0"]
[WhiteElo "2131"]
[BlackElo "2142"]

1. e4 e5 2. Nf3 Nc6 3. Bb5 Qf6 4. O-O Bc5 5. c3 Nce7 6. d4 exd4 7. cxd4 Bb6 8.
Nc3 c6 9. e5 Qe6 10. Ng5 Qg6 11. Bd3 f5 12. Bc4 Nh6 13. h4 Kd8 14. h5 Qe8 15.
Bf4 Ba5 16. d5 Bxc3 17. dxc6 Ba5 18. Ne6# 1-0

[Event "AUTO-MASTER-2355"]
[Site "http://www.queenalice.com/game.php?id=1396923"]
[Date "2015.12.2"]
[Round "2"]
[White "miltonloviski"]
[Black "furoscame"]
[Result "0-1"]
[WhiteElo "2114"]
[BlackElo "2161"]

1. e4 d5 2. exd5 Qxd5 3. d4 Nf6 4. Nc3 Qd6 5. h3 c6 6. Nf3 Bf5 7. Bc4 e6 8. Bb3
Nbd7 9. O-O Qc7 10. Re1 h6 11. d5 cxd5 12. Bxd5 Bb4 13. Bb3 O-O 14. Qd4 Bxc3 15.
bxc3 Rfd8 16. Qe3 Nc5 17. Bb2 Nfe4 18. Nd4 Rac8 19. g4 Bh7 20. f4 Qb6 21. g5
hxg5 22. fxg5 a5 23. a4 Nxb3 24. cxb3 Rc5 25. h4 e5 26. Nb5 Rd3 27. Qe2 Rcxc3+
28. Kg2 Rg3+ 29. Kh2 Rh3+ 30. Kg2 Rcg3+ 0-1